000 00976nam a22002297a 4500
999 _c13965
_d13965
003 AR-CdUCM
008 190417b ||||| |||| 00| 0 spa d
040 _aMUNICIPALIDAD PROVINCIAL DEL CUSCO
_cBIBLIOTECA MUNICIPAL DEL CUSCO
082 _a541.2 /
_bB88
100 _aBueno Villanueva, Lucio
_932607
245 _aConcepción científica filosófica e histórica de la materia sus características y estructura /
260 _aCusco :
_bUniversitaria Unsaac,
_c1994.
300 _a134 páginas ;
_bIlustraciones,
_c21 cm.
500 _aDedicatoria
505 _aContenido: Materia, espacio y tiempo, la materia su concepto y propiedades -- La estructura de la materia de acuerdo a la concepción de los antiguos filósofos y naturalistas griegos asimilados por la física clásica...
650 _aFilosofía
_9395
650 _aCiencia
_92098
650 _aHistoria
_9136
650 _aEstructura científica
_932608
942 _2ddc
_cLIBROS
945 _aacv
_d2019-04-17